Straßenbahnlinie 71 (Wien) - Statistics

General Stats
  • This quiz has been taken 21 times
  • The average score is 15 of 33
Answer Stats
Station % Correct
Börse
81%
Schottentor
81%
Schottenring
75%
St. Marx
75%
Oper, Karlsplatz
69%
Rennweg
69%
Simmering
69%
Enkplatz, Grillgasse
63%
Parlament
63%
Ring, Volkstheater
63%
Rathausplatz, Burgtheater
56%
Schwarzenbergplatz
56%
Zippererstraße
56%
Burgring
44%
Fickeysstraße
44%
Litfaßstraße
44%
Oberzellergasse
44%
Hauffgasse
38%
Kaiserebersdorf, Zinnergasse
38%
Kleistgasse
38%
Weißenböckstraße
38%
Zentralfriedhof 1.Tor
38%
Zentralfriedhof 2.Tor
38%
Zentralfriedhof 3.Tor
38%
Am Heumarkt
31%
Molitorgasse
31%
Unteres Belvedere
31%
Zentralfriedhof 4.Tor
31%
Svetelskystraße
25%
Valiergasse
25%
Braunhubergasse
19%
Leberberg
19%
Pantucekgasse, Widholzgasse
19%
No matching quizzes found
Score Distribution
Percent of People with Each Score
Percentile by Number Answered
Your Score History
You have not taken this quiz